000 01507nam a2200373 i 4500
001 ELB250820
003 FINmELB
005 20250326043727.0
006 m o u
007 cr cn|||||||||
008 240322s2023 ck a ob 000 0 spa d
020 _a9789587895599
_q(e-book)
035 _a(OCoLC)1427604479
040 _aFINmELB
_bspa
_erda
_cFINmELB
050 1 4 _aTX714
_bE612 2023
080 _a641.55
082 0 4 _a641.5
_223
245 0 0 _aEntre aromas y periodismo :
_benseñanzas y aprendizajes para una práctica exquisita /
_cJuan Pablo Ferro, Yoleidys Moreno, Leydi Perdomo (directores) ; ilustraciones de María Angélica Molina.
264 1 _aBarranquilla :
_bUniversidad del Norte,
_c2023.
300 _a1 recurso en línea (236 páginas) :
_bilustraciones
336 _atexto
_btxt
_2rdamedia/spa
337 _acomputadora
_bc
_2rdamedia/spa
338 _arecurso en línea
_2rdacarrier/spa
504 _aContiene bibliografía.
588 _aDescripción basada en metadatos suministrados por el editor y otras fuentes.
590 _aRecurso electrónico. Santa Fe, Arg.: elibro, 2024. Disponible vía World Wide Web. El acceso puede estar limitado para las bibliotecas afiliadas a elibro.
650 4 _aCocina.
655 4 _aLibros electrónicos.
700 1 _aFerro, Juan Pablo,
_edirector.
700 1 _aMoreno, Yoleidys,
_edirector.
700 1 _aPerdomo, Leydi,
_edirector.
797 2 _aelibro, Corp.
856 4 0 _uhttps://elibro.net/ereader/usam/250820
999 _c151621
_d151621